<?xml version="1.0" encoding="UTF-8"?>
<record
    xmlns:xsi="http://www.w3.org/2001/XMLSchema-instance"
    xsi:schemaLocation="http://www.loc.gov/MARC21/slim http://www.loc.gov/standards/marcxml/schema/MARC21slim.xsd"
    xmlns="http://www.loc.gov/MARC21/slim">

  <leader>01589    a2200229   4500</leader>
  <controlfield tag="001">60337</controlfield>
  <controlfield tag="005">20260407155853.0</controlfield>
  <controlfield tag="008">260407a2001    arg                 spa d</controlfield>
  <controlfield tag="003">AR-UNSa-BCEJYS</controlfield>
  <datafield tag="040" ind1=" " ind2=" ">
    <subfield code="a">AR-UNSa-BCEJYS</subfield>
    <subfield code="b">spa</subfield>
    <subfield code="c">AR-UNSa-BCEJYS</subfield>
  </datafield>
  <datafield tag="080" ind1=" " ind2=" ">
    <subfield code="a">35</subfield>
    <subfield code="x">Administraci&#xF3;n P&#xFA;blica</subfield>
  </datafield>
  <datafield tag="245" ind1="1" ind2="0">
    <subfield code="a">La reforma managerialista del estado</subfield>
    <subfield code="p">Nueva gerencia p&#xFA;blica, calidad total y tecnocracia</subfield>
  </datafield>
  <datafield tag="020" ind1=" " ind2=" ">
    <subfield code="a">987-1076-00-2</subfield>
  </datafield>
  <datafield tag="264" ind1=" " ind2="1">
    <subfield code="a">Buenos Aires :</subfield>
    <subfield code="b">Ediciones Cooperativas</subfield>
    <subfield code="c">2001</subfield>
  </datafield>
  <datafield tag="300" ind1=" " ind2=" ">
    <subfield code="a">180 p.</subfield>
    <subfield code="c">21 cm.</subfield>
  </datafield>
  <datafield tag="505" ind1=" " ind2=" ">
    <subfield code="a">1. El peligro del institucionalismo ingenuo: Las reformas del Estado de "segunda generaci&#xF3;n" / Fabi&#xE1;n Calle y Alejandro M. Estevez - 2. Una comparaci&#xF3;n entre la teor&#xED;a del Nuevo Management P&#xFA;blico y la Gesti&#xF3;n de la Calidad total / Alejandro M. Estevez &#x2013; 3. El Nuevo Management P&#xFA;blico y su intento de aplicaci&#xF3;n en la Argentina / Alejandro M. Estevez y D&#xE9;bora Lopreite &#x2013; 4. El subsidio a la educaci&#xF3;n privada en Argentina y Chile: un Estudio Comparativo / Juan Doberti &#x2013; 5. Reforma del Estado: Tecnoburocracia y tipos culturales / Gustavo Blutman &#x2013; 6. La viabilidad de la convertibilidad; una perspectiva pol&#xED;tica / Fabi&#xE1;n Calle y Alejandro M. Estevez &#x2013; 7. El sistema de las coaliciones defensoras; un estudio de pol&#xED;ticas p&#xFA;blicas aplicado a l convertibilidad / Alejandro M. Estevez y Horacio Minotti - </subfield>
  </datafield>
  <datafield tag="041" ind1=" " ind2=" ">
    <subfield code="a">spa</subfield>
  </datafield>
  <datafield tag="942" ind1=" " ind2=" ">
    <subfield code="c">BK</subfield>
  </datafield>
  <datafield tag="590" ind1=" " ind2=" ">
    <subfield code="a">niveau_biblio:m niveau_hierar:0</subfield>
  </datafield>
  <datafield tag="100" ind1="1" ind2=" ">
    <subfield code="a">Est&#xE9;vez, Alejandro M.</subfield>
  </datafield>
  <datafield tag="856" ind1="4" ind2="1">
    <subfield code="u">https://www.biblioeco.unsa.edu.ar/pmb/images/libros/L129086.jpg</subfield>
    <subfield code="y">Imagen de portada</subfield>
    <subfield code="q">image/jpeg</subfield>
  </datafield>
  <datafield tag="999" ind1=" " ind2=" ">
    <subfield code="c">6908</subfield>
    <subfield code="d">6908</subfield>
  </datafield>
  <datafield tag="952" ind1=" " ind2=" ">
    <subfield code="0">0</subfield>
    <subfield code="1">0</subfield>
    <subfield code="4">0</subfield>
    <subfield code="7">0</subfield>
    <subfield code="a">BCEJYS</subfield>
    <subfield code="b">BCEJYS</subfield>
    <subfield code="c">16</subfield>
    <subfield code="d">2026-04-07</subfield>
    <subfield code="l">0</subfield>
    <subfield code="o">35 E79</subfield>
    <subfield code="p">L129086</subfield>
    <subfield code="r">2026-04-07 15:58:53</subfield>
    <subfield code="w">2026-04-07</subfield>
    <subfield code="y">L</subfield>
    <subfield code="z">SUBRAYADO CON RESALTADOR Y LAPICERA -</subfield>
  </datafield>
</record>
